Asamiya bhasar shikan kaushal/ (Record no. 11720)

MARC details
000 -LEADER
fixed length control field 00524nam a22001937a 4500
005 - DATE AND TIME OF LATEST TRANSACTION
control field 20231114111110.0
008 - FIXED-LENGTH DATA ELEMENTS--GENERAL INFORMATION
fixed length control field 231114b ||||| |||| 00| 0 eng d
020 ## - INTERNATIONAL STANDARD BOOK NUMBER
International Standard Book Number 9789358497069
040 ## - CATALOGING SOURCE
Original cataloging agency IN-DiNC
Transcribing agency IN-DiNC
041 ## - LANGUAGE CODE
Language code of sung or spoken text Assamese
082 ## - DEWEY DECIMAL CLASSIFICATION NUMBER
Classification number 491.451
Item number KON
100 ## - MAIN ENTRY--PERSONAL NAME
Personal name Konwar, Arpana
Relator term Author
245 ## - TITLE STATEMENT
Title Asamiya bhasar shikan kaushal/
Statement of responsibility, etc. by Arpana Konwar
250 ## - EDITION STATEMENT
Edition statement 1st ed.
260 ## - PUBLICATION, DISTRIBUTION, ETC.
Place of publication, distribution, etc. Dibrugarh:
Name of publisher, distributor, etc. Banalata,
Date of publication, distribution, etc. 2023.
300 ## - PHYSICAL DESCRIPTION
Extent 230p.
650 ## - SUBJECT ADDED ENTRY--TOPICAL TERM
Topical term or geographic name entry element Learning technique of Assamese language
942 ## - ADDED ENTRY ELEMENTS (KOHA)
Source of classification or shelving scheme Dewey Decimal Classification
Koha item type Books
Holdings
Withdrawn status Lost status Source of classification or shelving scheme Damaged status Not for loan Collection code Home library Current library Shelving location Date acquired Cost, normal purchase price Total Checkouts Full call number Barcode Date last seen Date last checked out Copy number Price effective from Koha item type
    Dewey Decimal Classification     Assamese Naharkatiya College Library Naharkatiya College Library General Stacks 14/11/2023 350.00 3 491.451 KON 29743 19/12/2024 05/11/2024 1 14/11/2023 Books
    Dewey Decimal Classification     Assamese Naharkatiya College Library Naharkatiya College Library General Stacks 14/11/2023 350.00 2 491.451 KON 29744 11/12/2024 21/11/2024 2 14/11/2023 Books
    Dewey Decimal Classification     Assamese Naharkatiya College Library Naharkatiya College Library General Stacks 14/11/2023 350.00 5 491.451 KON 29745 10/12/2024 21/11/2024 3 14/11/2023 Books
    Dewey Decimal Classification     Assamese Naharkatiya College Library Naharkatiya College Library General Stacks 14/11/2023 350.00 3 491.451 KON 29746 04/02/2025 05/11/2024 4 14/11/2023 Books
    Dewey Decimal Classification     Assamese Naharkatiya College Library Naharkatiya College Library General Stacks 14/11/2023 350.00 3 491.451 KON 29747 09/11/2024 21/10/2024 5 14/11/2023 Books
    Dewey Decimal Classification     Assamese Naharkatiya College Library Naharkatiya College Library General Stacks 14/11/2023 350.00 2 491.451 KON 29748 29/11/2024 21/10/2024 6 14/11/2023 Books
    Dewey Decimal Classification     Assamese Naharkatiya College Library Naharkatiya College Library General Stacks 14/11/2023 350.00 4 491.451 KON 29749 19/12/2024 10/12/2024 7 14/11/2023 Books
    Dewey Decimal Classification     Assamese Naharkatiya College Library Naharkatiya College Library General Stacks 14/11/2023 350.00 3 491.451 KON 29750 27/11/2024 29/10/2024 8 14/11/2023 Books

Naharkatiya College © 2020. All rights reserved.

Powered By